Combined Song Titles #2 - Statistics

General Stats
  • This quiz has been taken 28,022 times
  • The average score is 16 of 22
Answer Stats
Answer % Correct
Stairway To {Heaven} is a Place On Earth
97%
Big Girls Don't {Cry} Me a River
95%
I Wanna Dance With {Somebody} That I Used to Know
93%
One Way or {Another} Brick in the Wall
92%
These Boots are Made for {Walking} on Broken Glass
88%
Down {Under} Pressure
87%
Under the {Bridge} Over Troubled Water
86%
Brick {House} of the Rising Sun
83%
Fortunate {Son} of a Preacher Man
78%
Born Under a Bad {Sign} of the Times
71%
Diamonds are {Forever} Young
71%
Santa {Baby} Shark
71%
Tangled Up in {Blue} Suede Shoes
71%
Crocodile {Rock} the Casbah
68%
Bitter Sweet {Symphony} of Destruction
59%
Foxy {Lady} Madonna
59%
Truth {Hurts} So Good
58%
Fight the {Power} of Love
53%
Beautiful {Day} Dream Believer
50%
What Do You {Mean} Mr. Mustard
47%
Summer {Nights} in White Satin
38%
Cheeseburger in {Paradise} City
36%
No matching quizzes found
Score Distribution
Percent of People with Each Score
Percentile by Number Answered
Your Score History
You have not taken this quiz